[Event "Wch Rapid"]
[White "Lima,Darcy Gustavo Macha"]
[Black "Dziuba,Marcin"]
[Site "Warsaw"]
[Round "7"]
[Annotator ""]
[Result "0-1"]
[Date "2021.12.27"]
[WhiteElo "2507"]
[BlackElo "2568"]
[PlyCount "86"]

1. d4 Nf6 2. c4 g6 3. Nc3 Bg7 4. e4 d6 5. Be2 O-O 6. Be3 Nc6 7. d5 Ne5 8. h3 e6 9. Nf3 Nxf3+ 10. Bxf3 Nd7 11. O-O a5 12. Qd2 e5 13. g3 Nb6 14. Bxb6 cxb6 15. h4 f5 16. Kg2 Bd7 17. Rh1 h5 18. exf5 gxf5 19. Bxh5 Kh7 20. Rae1 Bh6 21. Qd1 a4 22. Nb5 Qf6 23. Qd3 Rac8 24. b3 e4 25. Qd4 Bc6 26. Qxf6 Bxb5 27. cxb5 Rxf6 28. g4 a3 29. Rxe4 fxg4 30. Rf1 Rc2 31. Ra4 Rxa2 32. Kg3 Be3 33. Kxg4 Bxf2 34. Rh1 Bxh4 35. Ra7 Kg7 36. Kh3 Rg2 37. Rxb7+ Kh6 38. Bg4 Kg6 39. Ra7 Rf4 40. Be2 Bf2 41. Bd3+ Kf6 42. Rh7 Rg3+ 43. Kh2 Rxd3 0-1

[Event "Rio de Janeiro Estadual-ch"]
[White "Gomes,Pedro Pessoa"]
[Black "Lima,Darcy Gustavo Macha"]
[Site "Rio de Janeiro"]
[Round "5"]
[Annotator ""]
[Result "0-1"]
[Date "2021.11.15"]
[WhiteElo "1929"]
[BlackElo "2501"]
[PlyCount "72"]

1. c4 c5 2. Nc3 Nc6 3. g3 g6 4. Bg2 Bg7 5. e4 e6 6. Nge2 Nge7 7. O-O d6 8. d3 O-O 9. Rb1 b6 10. Be3 Nd4 11. b4 Bb7 12. Qd2 Qd7 13. a3 Rad8 14. Bh6 Nec6 15. Bxg7 Kxg7 16. b5 Nxe2+ 17. Nxe2 Na5 18. Nf4 Qe7 19. Rfe1 Qf6 20. Qe2 h6 21. h4 Kh7 22. Qc2 Kh8 23. Qe2 Rfe8 24. Qg4 Rg8 25. Bf3 Bc8 26. Be2 d5 27. Qf3 dxe4 28. dxe4 Bb7 29. Qe3 Qd4 30. Qxd4+ Rxd4 31. Red1 Bxe4 32. Rxd4 cxd4 33. Rd1 e5 34. Nd3 Re8 35. f3 Bxd3 36. Bxd3 Nb3 0-1

[Event "Rio de Janeiro Estadual-ch"]
[White "Lima,Darcy Gustavo Macha"]
[Black "Lage,Pedro Ferreira"]
[Site "Rio de Janeiro"]
[Round "6"]
[Annotator ""]
[Result "1/2-1/2"]
[Date "2021.11.15"]
[WhiteElo "2501"]
[BlackElo "2141"]
[PlyCount "25"]

1. d4 d5 2. c4 c6 3. Nf3 Nf6 4. Nbd2 Bf5 5. g3 e6 6. Bg2 Nbd7 7. O-O Be7 8. b3 O-O 9. Bb2 h6 10. Ne5 a5 11. a3 Bh7 12. Nxd7 Qxd7 13. e3 1/2-1/2

[Event "Rio de Janeiro Estadual-ch"]
[White "Lima,Darcy Gustavo Macha"]
[Black "Rangel,Daniel"]
[Site "Rio de Janeiro"]
[Round "4"]
[Annotator ""]
[Result "1-0"]
[Date "2021.11.14"]
[WhiteElo "2501"]
[BlackElo "2210"]
[PlyCount "95"]

1. Nf3 Nf6 2. d4 g6 3. Nc3 Bg7 4. e4 d5 5. e5 Ne4 6. Nxe4 dxe4 7. Ng5 c5 8. d5 Bxe5 9. Nxe4 O-O 10. c3 b6 11. Bh6 Re8 12. Bb5 Bd7 13. Bxd7 Nxd7 14. Qf3 Nf6 15. O-O-O Nxe4 16. Qxe4 Bg7 17. Bxg7 Kxg7 18. h4 h5 19. g4 Rh8 20. Qe5+ Kg8 21. g5 Kh7 22. f4 Qd6 23. Qe4 f5 24. Qf3 Rad8 25. Rhe1 Qc7 26. Re5 Rhf8 27. Qe3 Rf7 28. c4 Rd7 29. Re1 Qd8 30. Re6 Qb8 31. Qe5 Qd8 32. Qc3 Qc7 33. R1e5 Rd6 34. Qe3 Rxe6 35. Rxe6 Rg7 36. b3 Qb7 37. Rc6 Qb8 38. Qe5 Qd8 39. Qc7 Qh8 40. Qe5 Qd8 41. Kb1 b5 42. cxb5 Qa5 43. Rxc5 Qd2 44. a4 Qd1+ 45. Kb2 Qd2+ 46. Ka3 Qd1 47. Rc7 Qg1 48. d6 1-0

[Event "Rio de Janeiro Estadual-ch"]
[White "Oliveira,Fernando Ventura"]
[Black "Lima,Darcy Gustavo Macha"]
[Site "Rio de Janeiro"]
[Round "3"]
[Annotator ""]
[Result "0-1"]
[Date "2021.11.14"]
[WhiteElo "2043"]
[BlackElo "2501"]
[PlyCount "68"]

1. e4 c5 2. Nf3 Nc6 3. d4 cxd4 4. Nxd4 Nf6 5. Nc3 d6 6. h3 e6 7. Be3 Be7 8. Qd2 O-O 9. g4 d5 10. Bg2 Ne5 11. exd5 Nc4 12. Qe2 Nxe3 13. Qxe3 Nxd5 14. Nxd5 exd5 15. O-O-O Bf6 16. Qb3 Qd6 17. Kb1 Be6 18. Rhe1 Rfe8 19. f4 Bxd4 20. Rxd4 Bxg4 21. Rg1 Qf6 22. Rb4 Bf5 23. Bxd5 Rac8 24. Rc4 b5 25. Rxc8 Rxc8 26. Rg2 Qd4 27. Bxf7+ Kf8 28. Bh5 Bxc2+ 29. Qxc2 Rxc2 30. Rxc2 Qxf4 31. Bg4 g6 32. Rc3 Ke7 33. Kc2 b4 34. Rd3 Qc4+ 0-1

[Event "Rio de Janeiro Estadual-ch"]
[White "Chaves,Jorge Antonio Torre"]
[Black "Lima,Darcy Gustavo Macha"]
[Site "Rio de Janeiro"]
[Round "1"]
[Annotator ""]
[Result "0-1"]
[Date "2021.11.13"]
[WhiteElo "1865"]
[BlackElo "2501"]
[PlyCount "68"]

1. Nf3 Nf6 2. c4 g6 3. b3 Bg7 4. Bb2 d6 5. g3 O-O 6. Bg2 e5 7. d3 Nh5 8. Qc2 f5 9. Nbd2 c5 10. e4 Nc6 11. a3 f4 12. Rb1 g5 13. Bc3 g4 14. Nh4 f3 15. Bf1 Nf6 16. b4 b6 17. Nb3 Ne8 18. b5 Nd4 19. Nxd4 cxd4 20. Bd2 a6 21. a4 axb5 22. axb5 Rf7 23. Qc1 Rfa7 24. c5 dxc5 25. Qc4+ Rf7 26. h3 h5 27. hxg4 hxg4 28. Qc1 Nd6 29. Bh6 Qf6 30. Bg5 Qe6 31. Bd8 Qa2 32. Bxb6 Bh6 33. Qd1 Bd2+ 34. Qxd2 Qxb1+ 0-1

[Event "Rio de Janeiro Estadual-ch"]
[White "Lima,Darcy Gustavo Macha"]
[Black "Da Matta,Eduardo Cesar"]
[Site "Rio de Janeiro"]
[Round "2"]
[Annotator ""]
[Result "1-0"]
[Date "2021.11.13"]
[WhiteElo "2501"]
[BlackElo "2007"]
[PlyCount "99"]

1. d4 d5 2. c4 e6 3. Nc3 Nf6 4. cxd5 exd5 5. Bg5 Be7 6. e3 O-O 7. Bd3 Nbd7 8. Nge2 Re8 9. O-O c6 10. f3 Nf8 11. Qc2 g6 12. Rad1 Ne6 13. Bh4 b5 14. Kh1 Bb7 15. e4 dxe4 16. fxe4 Ng4 17. Bf2 Nxf2+ 18. Rxf2 a6 19. e5 Qb6 20. Qb3 Rf8 21. Bc4 c5 22. d5 Nd4 23. Nxd4 cxd4 24. Ne4 Qd8 25. Rxd4 Qb8 26. d6 bxc4 27. Qh3 Bxe4 28. dxe7 Re8 29. e6 f5 30. Rxe4 Rxe7 31. Re1 Qd6 32. Qc3 Rc8 33. Rd2 Qc7 34. h3 Rce8 35. Rde2 Qc6 36. b3 Rxe6 37. Rxe6 Rxe6 38. Rxe6 Qxe6 39. bxc4 Qe2 40. c5 Qxa2 41. c6 Qb1+ 42. Kh2 Qb8+ 43. c7 Qc8 44. Kg3 Kf7 45. Qe5 g5 46. h4 f4+ 47. Kf3 Qb7+ 48. Kf2 Qb6+ 49. Ke2 f3+ 50. gxf3 1-0

[Event "Online Olym Div2 D"]
[White "Lima,Darcy Gustavo Macha"]
[Black "Verhoef,Jan Meyer"]
[Site "Chess.com INT"]
[Round "7.5"]
[Annotator ""]
[Result "1-0"]
[Date "2021.09.04"]
[WhiteElo "2508"]
[BlackElo "1541"]
[PlyCount "83"]

1. d4 f5 2. c4 Nf6 3. Nf3 g6 4. g3 Bg7 5. Bg2 d6 6. O-O O-O 7. b3 c6 8. Bb2 Ne4 9. Nfd2 d5 10. e3 Be6 11. Nxe4 fxe4 12. Nc3 Na6 13. cxd5 cxd5 14. f3 exf3 15. Bxf3 Nc7 16. Rf2 Bh3 17. Qe2 Qd7 18. Bg2 Rxf2 19. Qxf2 Bxg2 20. Kxg2 Rf8 21. Qe2 Qe6 22. Rf1 Rxf1 23. Kxf1 Bh6 24. Bc1 a6 25. Bd2 Qf5+ 26. Kg2 e5 27. e4 Qf8 28. Bxh6 Qxh6 29. Nxd5 Nxd5 30. exd5 exd4 31. Qe6+ Kf8 32. Qc8+ Kg7 33. Qxb7+ Kg8 34. Qc8+ Kf7 35. Qe6+ Kf8 36. Qf6+ Ke8 37. Qxd4 Qc1 38. Qh8+ Kd7 39. Qxh7+ Kd6 40. Qxg6+ Kxd5 41. Qf5+ Kd6 42. Qf4+ 1-0

[Event "Bom Jesus do Itabapoana op 1st"]
[White "Lima,Darcy Gustavo Macha"]
[Black "Do Nascimento,Christian Almeida"]
[Site "Bom Jesus do Itabapoana"]
[Round "6"]
[Annotator ""]
[Result "1-0"]
[Date "2021.08.29"]
[WhiteElo "2526"]
[BlackElo "2034"]
[PlyCount "41"]

1. d4 Nf6 2. c4 e6 3. Nf3 b6 4. g3 Bb7 5. Bg2 Be7 6. Nc3 O-O 7. d5 exd5 8. cxd5 Bb4 9. Nh4 c6 10. O-O Bxc3 11. bxc3 Nxd5 12. c4 Nf6 13. Ba3 Re8 14. Nf5 Ba6 15. Nd6 Re6 16. Rc1 Ne8 17. Nf5 Qg5 18. e4 g6 19. f4 Qd8 20. Nh6+ Kg7 21. f5 1-0

[Event "Bom Jesus do Itabapoana op 1st"]
[White "Lima,Darcy Gustavo Macha"]
[Black "Lage,Pedro Ferreira"]
[Site "Bom Jesus do Itabapoana"]
[Round "4"]
[Annotator ""]
[Result "0-1"]
[Date "2021.08.28"]
[WhiteElo "2526"]
[BlackElo "2124"]
[PlyCount "54"]

1. d4 d5 2. c4 c6 3. Nf3 Nf6 4. g3 dxc4 5. Bg2 Bf5 6. Nc3 Nbd7 7. Nh4 Bg4 8. h3 Bh5 9. g4 Bg6 10. g5 Nd5 11. e4 Nxc3 12. bxc3 e5 13. Nxg6 hxg6 14. h4 Qa5 15. Be3 Qxc3+ 16. Ke2 Ba3 17. Rb1 O-O-O 18. Rh3 Nc5 19. Bd2 Qxd4 20. Rxa3 Nxe4 21. Be1 Qc5 22. Bh3+ Kb8 23. Qc1 Rd3 24. Qb2 b5 25. Rxd3 cxd3+ 26. Kxd3 Nxg5 27. Bg2 Rd8+ 0-1

[Event "Bom Jesus do Itabapoana op 1st"]
[White "Limp,Eduardo Thelio"]
[Black "Lima,Darcy Gustavo Macha"]
[Site "Bom Jesus do Itabapoana"]
[Round "5"]
[Annotator ""]
[Result "1/2-1/2"]
[Date "2021.08.28"]
[WhiteElo "2366"]
[BlackElo "2526"]
[PlyCount "57"]

1. e4 c5 2. Nf3 d6 3. d4 cxd4 4. Nxd4 Nf6 5. Nc3 Nc6 6. Bg5 e6 7. Qd2 a6 8. O-O-O Bd7 9. f4 h6 10. Bh4 Nxe4 11. Nxe4 Qxh4 12. Nxc6 Bxc6 13. Nxd6+ Bxd6 14. Qxd6 Rd8 15. Qxd8+ Qxd8 16. Rxd8+ Kxd8 17. h4 Ke7 18. Rh3 Rd8 19. Rd3 Rxd3 20. cxd3 Kf6 21. g3 a5 22. Bh3 Bd5 23. a3 b6 24. Kd2 Ba2 25. Bg2 g5 26. hxg5+ hxg5 27. fxg5+ Kxg5 28. Ke3 f5 29. d4 1/2-1/2

[Event "Bom Jesus do Itabapoana op 1st"]
[White "Lima,Darcy Gustavo Macha"]
[Black "Baeta,Marcio Netto"]
[Site "Bom Jesus do Itabapoana"]
[Round "2"]
[Annotator ""]
[Result "1-0"]
[Date "2021.08.27"]
[WhiteElo "2526"]
[BlackElo "1896"]
[PlyCount "77"]

1. d4 Nf6 2. c4 e6 3. Nf3 d5 4. g3 Be7 5. Bg2 O-O 6. O-O c5 7. cxd5 exd5 8. Nc3 Nc6 9. b3 Ne4 10. Bb2 Bf6 11. Na4 b5 12. Nxc5 Nxc5 13. Rc1 Nxd4 14. Bxd4 Ne4 15. Bxf6 Nxf6 16. Nd4 a6 17. Nc6 Qe8 18. e3 Bb7 19. Na5 Qd7 20. e4 Rad8 21. e5 Ne4 22. f3 Ng5 23. f4 Ne6 24. f5 Ng5 25. Qg4 h6 26. h4 Nh7 27. Nxb7 Qxb7 28. f6 g6 29. Qd4 Rd7 30. Bh3 Qa7 31. Rfd1 Rc7 32. Qxa7 Rxa7 33. Rxd5 Re8 34. Rc8 Rxc8 35. Bxc8 Nf8 36. Rd8 Rc7 37. e6 Rxc8 38. e7 Rc1+ 39. Kf2 1-0

[Event "Bom Jesus do Itabapoana op 1st"]
[White "Okamura,Milton Kasuo"]
[Black "Lima,Darcy Gustavo Macha"]
[Site "Bom Jesus do Itabapoana"]
[Round "3"]
[Annotator ""]
[Result "0-1"]
[Date "2021.08.27"]
[WhiteElo "1921"]
[BlackElo "2526"]
[PlyCount "92"]

1. d4 d5 2. c4 c6 3. Nf3 Nf6 4. Nc3 e6 5. e3 Nbd7 6. Qc2 Bd6 7. Be2 O-O 8. O-O dxc4 9. Bxc4 b5 10. Be2 Bb7 11. Rd1 Qb8 12. h3 Rc8 13. Bd2 a6 14. Rac1 c5 15. Qb1 b4 16. Na4 Be4 17. Qa1 cxd4 18. Rxc8+ Qxc8 19. Rc1 Qb7 20. exd4 Rc8 21. b3 Nd5 22. Rxc8+ Qxc8 23. Qc1 Qxc1+ 24. Bxc1 a5 25. Nd2 Bg6 26. g3 Kf8 27. Bb5 Ke7 28. Nc4 Bc7 29. a3 Bc2 30. Bxd7 Kxd7 31. Nc5+ Kc6 32. axb4 axb4 33. f4 Kb5 34. Ne3 Nxe3 35. Bxe3 Bd6 36. Kf2 Bxc5 37. dxc5 Bxb3 38. Ke2 Bc2 39. Kd2 Be4 40. Bd4 f6 41. Ke3 Bg2 42. g4 Bxh3 43. g5 e5 44. fxe5 fxg5 45. Ke4 Be6 46. Be3 h6 0-1

[Event "Araruama op 1st"]
[White "Santos,Rafael Ventura Dos"]
[Black "Lima,Darcy Gustavo Macha"]
[Site "Araruama"]
[Round "6"]
[Annotator ""]
[Result "0-1"]
[Date "2021.06.06"]
[WhiteElo "2209"]
[BlackElo "2522"]
[PlyCount "136"]

1. e4 c5 2. c4 Nc6 3. Ne2 g6 4. d4 cxd4 5. Nxd4 Bg7 6. Be3 Nf6 7. Nc3 Ng4 8. Qxg4 Nxd4 9. Qd1 e5 10. Be2 O-O 11. O-O d6 12. Rc1 a6 13. Qd2 Be6 14. Bd3 f5 15. f3 f4 16. Bxd4 exd4 17. Nd5 Rc8 18. g4 fxg3 19. hxg3 Rf7 20. Rf2 Qf8 21. Kg2 Re8 22. f4 Bd7 23. Re1 Bc6 24. Qe2 b5 25. Rc1 a5 26. Qf3 b4 27. Rh1 Re6 28. Kg1 Qe8 29. Kg2 Bh8 30. Kg1 Qc8 31. Kg2 Re8 32. Rh4 Bf6 33. Rh1 Bd8 34. Rh2 Bd7 35. f5 Re5 36. g4 Bg5 37. Rf1 Bc6 38. Kh1 Qb7 39. Rg2 b3 40. a3 a4 41. Re2 Qa8 42. Nb4 Bb7 43. Nd5 Qf8 44. Rg2 Qe8 45. Rfg1 Bxd5 46. cxd5 Rc7 47. Rf1 Ree7 48. Qf2 Be3 49. Qh4 Rf7 50. g5 Qc8 51. Qg3 Qd8 52. f6 Qd7 53. Kh2 Rc1 54. e5 dxe5 55. Qxe5 Rc5 56. Qe6 Rxd5 57. Qxd7 Rfxd7 58. Bc4 Kf8 59. Bxd5 Rxd5 60. Rd1 d3 61. Rg4 d2 62. Rxa4 Bxg5 63. Rb4 Rc5 64. Rxb3 Rc1 65. Rxd2 Bxd2 66. Rb8+ Kf7 67. Rb7+ Kxf6 68. Rxh7 Rc2 0-1

[Event "Araruama op 1st"]
[White "Baeta,Marcio Netto"]
[Black "Lima,Darcy Gustavo Macha"]
[Site "Araruama"]
[Round "2"]
[Annotator ""]
[Result "0-1"]
[Date "2021.06.04"]
[WhiteElo "1895"]
[BlackElo "2522"]
[PlyCount "67"]

1. e4 c5 2. d4 cxd4 3. Nf3 a6 4. Nxd4 e5 5. Nb3 Nf6 6. Nc3 Bb4 7. Bd3 d5 8. exd5 Qxd5 9. O-O Bxc3 10. bxc3 O-O 11. c4 Qc6 12. Ba3 Re8 13. Re1 Nbd7 14. Qe2 b6 15. f3 Bb7 16. Nd2 Nc5 17. Ne4 Nfxe4 18. Bxe4 Nxe4 19. fxe4 Rac8 20. Rab1 Re6 21. c5 bxc5 22. Qc4 h6 23. Rb3 Rd6 24. Bb2 Re6 25. Ba3 Re7 26. Rc3 Rec7 27. Rb3 Kh7 28. Bb2 f6 29. Bc3 Rd7 30. Ba5 Qd6 31. Rd3 Qe7 32. c3 Rxd3 33. Qxd3 c4 34. Qc2 0-1

[Event "Araruama op 1st"]
[White "Lima,Darcy Gustavo Macha"]
[Black "Souza,Iago Henrique Da Si"]
[Site "Araruama"]
[Round "3"]
[Annotator ""]
[Result "1-0"]
[Date "2021.06.04"]
[WhiteElo "2522"]
[BlackElo "2050"]
[PlyCount "77"]

1. d4 Nf6 2. Nf3 d5 3. g3 e6 4. Bg2 c5 5. O-O Nc6 6. c4 Be7 7. dxc5 O-O 8. a3 dxc4 9. Qc2 Bxc5 10. Qxc4 Qd5 11. Nbd2 a6 12. b4 Be7 13. Bb2 Qh5 14. Qc3 Bd7 15. Nc4 a5 16. bxa5 Be8 17. Rac1 Nxa5 18. Nb6 Ra6 19. Nc8 Bd8 20. Ne5 Nc6 21. Rfd1 Ba5 22. Qc5 Ra8 23. Nxc6 Qxc5 24. Rxc5 Bxc6 25. Ne7+ Kh8 26. Nxc6 bxc6 27. Bxc6 Ra6 28. Bf3 h6 29. Kg2 Rb8 30. Be5 Rb3 31. Bxf6 gxf6 32. Rd7 Bb6 33. Rc8+ Kg7 34. Bh5 Ra7 35. Rxa7 Bxa7 36. Rc7 Rxa3 37. Rxf7+ Kg8 38. Rxf6 Ra5 39. Bf3 1-0

[Event "Araruama op 1st"]
[White "Lima,Darcy Gustavo Macha"]
[Black "Pereira,Marcos Luciano"]
[Site "Araruama"]
[Round "1"]
[Annotator ""]
[Result "1-0"]
[Date "2021.06.02"]
[WhiteElo "2522"]
[BlackElo "1736"]
[PlyCount "37"]

1. e4 e6 2. d3 d5 3. Nd2 Bd6 4. Ngf3 Bf4 5. g3 dxe4 6. dxe4 Bh6 7. Bg2 Nf6 8. O-O Bd7 9. b3 Bc6 10. Qe2 Qe7 11. a4 Qc5 12. Ba3 Qh5 13. e5 Bxd2 14. Qxd2 Nbd7 15. exf6 Bxf3 16. fxg7 Rg8 17. Bxf3 Qxf3 18. Rad1 Qc6 19. Qg5 1-0

[Event "FIDE World Cup American Qual Gp5"]
[White "Perez Ponsa,Federico"]
[Black "Lima,Darcy Gustavo Macha"]
[Site "Tornelo INT"]
[Round "3.2"]
[Annotator ""]
[Result "1-0"]
[Date "2021.05.27"]
[WhiteElo "2554"]
[BlackElo "2522"]
[PlyCount "107"]

1. e4 e5 2. Nf3 Nf6 3. Nxe5 d6 4. Nf3 Nxe4 5. d4 Be7 6. Bd3 Ng5 7. h3 Nxf3+ 8. Qxf3 Nc6 9. c3 O-O 10. O-O Bd7 11. Na3 Bh4 12. Nc2 Qf6 13. Qh5 g6 14. Qh6 Qd8 15. f4 f5 16. Bc4+ Kh8 17. d5 Nb8 18. Be3 Bf6 19. Bd4 c5 20. dxc6 Bxc6 21. Bxf6+ Qxf6 22. Nd4 Re8 23. Rae1 Nd7 24. Be6 Qf8 25. Qxf8+ Nxf8 26. Bb3 Be4 27. Nb5 Rad8 28. Rd1 d5 29. Nc7 Re7 30. Nxd5 Bxd5 31. Rxd5 Rxd5 32. Bxd5 Re2 33. Rf2 Re1+ 34. Kh2 b6 35. Rd2 Nd7 36. Bf3 Nc5 37. Rd8+ Kg7 38. b4 Ne6 39. Rd7+ Kf6 40. Rxh7 Nxf4 41. Rxa7 Nd3 42. Rb7 f4 43. Rxb6+ Kg7 44. Rd6 Nf2 45. g3 Re3 46. Kg2 Nxh3 47. gxf4 Nxf4+ 48. Kg3 Nh5+ 49. Kf2 Rxc3 50. b5 Nf4 51. Be4 Rc4 52. Ke3 Nh5 53. Rxg6+ Kf7 54. Bd5+ 1-0

[Event "FIDE World Cup American Qual Gp5"]
[White "Lima,Darcy Gustavo Macha"]
[Black "Perez Ponsa,Federico"]
[Site "Tornelo INT"]
[Round "3.1"]
[Annotator ""]
[Result "1/2-1/2"]
[Date "2021.05.26"]
[WhiteElo "2522"]
[BlackElo "2554"]
[PlyCount "69"]

1. d4 Nf6 2. c4 e6 3. Nf3 d5 4. Nc3 dxc4 5. e3 a6 6. a4 c5 7. Bxc4 Nc6 8. O-O Be7 9. Qe2 cxd4 10. Rd1 e5 11. exd4 exd4 12. Nxd4 Nxd4 13. Qe5 Qd6 14. Qxd4 Qxd4 15. Rxd4 Bc5 16. Rd1 O-O 17. Re1 Bf5 18. Be3 Bxe3 19. Rxe3 Rfe8 20. Rxe8+ Rxe8 21. Rd1 Kf8 22. f3 Be6 23. Rd4 Rc8 24. Bxe6 fxe6 25. Rb4 Rc7 26. Kf2 Ke7 27. Ke3 h6 28. h4 Nd7 29. Rg4 Kf7 30. Rf4+ Ke7 31. Rg4 Kf7 32. Re4 b6 33. g4 Rc5 34. Rb4 a5 35. Rd4 1/2-1/2

[Event "FIDE World Cup American Qual Gp5"]
[White "Figueroa,Julissa"]
[Black "Lima,Darcy Gustavo Macha"]
[Site "Tornelo INT"]
[Round "1.2"]
[Annotator ""]
[Result "0-1"]
[Date "2021.05.23"]
[WhiteElo "1658"]
[BlackElo "2522"]
[PlyCount "83"]

1. e4 c5 2. Nf3 e6 3. d4 cxd4 4. Nxd4 Nf6 5. Nc3 Bb4 6. Bd3 e5 7. Nf3 d6 8. h3 O-O 9. O-O Bxc3 10. bxc3 Nbd7 11. Ba3 Qc7 12. Qd2 Nc5 13. Rfe1 Rd8 14. c4 Be6 15. Ng5 h6 16. Nxe6 fxe6 17. Qe3 Rac8 18. Rab1 Qf7 19. Rb5 b6 20. Bxc5 Rxc5 21. Rxc5 bxc5 22. Rb1 Qc7 23. Qe1 Rb8 24. Rxb8+ Qxb8 25. Qa5 Kf7 26. Kh2 Ke7 27. a4 Nd7 28. Qb5 Qc8 29. f3 a6 30. Qb3 Qb8 31. g4 Qb4 32. Kg2 a5 33. h4 Nb6 34. Qxb4 cxb4 35. c5 dxc5 36. Bb5 c4 37. Kf2 Kd6 38. Ke2 Kc5 39. Ke3 b3 40. cxb3 cxb3 41. Kd3 Kb4 42. Bd7 0-1

[Event "Goiania op"]
[White "Lima,Darcy Gustavo Macha"]
[Black "De Souza Monteiro,Marcos Paulo"]
[Site "Goiania"]
[Round "6"]
[Annotator ""]
[Result "1-0"]
[Date "2021.02.28"]
[WhiteElo "2522"]
[BlackElo "1954"]
[PlyCount "85"]

1. d4 d5 2. c4 c6 3. Nf3 Nf6 4. Nc3 dxc4 5. a4 Bf5 6. e3 e6 7. Bxc4 Nbd7 8. O-O Be7 9. Qe2 Qa5 10. e4 Bg4 11. e5 Nd5 12. Nxd5 exd5 13. Bd3 O-O-O 14. h3 Be6 15. Bd2 Bb4 16. Bxb4 Qxb4 17. a5 a6 18. Qc2 Kb8 19. Ra3 Ka7 20. Qc3 Qxc3 21. Rxc3 f6 22. Re1 fxe5 23. Nxe5 Nxe5 24. Rxe5 Rde8 25. Bc2 Bf7 26. Rce3 Rxe5 27. Rxe5 g6 28. Re7 Rf8 29. f4 h5 30. h4 Bg8 31. g3 Rf7 32. Rxf7 Bxf7 33. Kf2 Kb8 34. g4 Kc7 35. g5 Kd6 36. f5 gxf5 37. Bxf5 c5 38. Ke3 cxd4+ 39. Kxd4 Be6 40. Bxe6 Kxe6 41. g6 Kf6 42. Kxd5 Kxg6 43. Ke6 1-0

[Event "Goiania op"]
[White "Vilela,Humberto Franca"]
[Black "Lima,Darcy Gustavo Macha"]
[Site "Goiania"]
[Round "5"]
[Annotator ""]
[Result "0-1"]
[Date "2021.02.28"]
[WhiteElo "1849"]
[BlackElo "2522"]
[PlyCount "56"]

1. d4 Nf6 2. c4 e6 3. Nf3 Bb4+ 4. Bd2 Qe7 5. Nc3 O-O 6. Qc2 c5 7. e3 cxd4 8. exd4 d5 9. Bd3 dxc4 10. Bxc4 b6 11. Bg5 Bb7 12. O-O Bxf3 13. gxf3 Bxc3 14. Qxc3 Nbd7 15. Rfe1 Qd6 16. Rad1 Nd5 17. Qd2 a6 18. Re4 b5 19. Bd3 f5 20. Ree1 h6 21. Bxh6 gxh6 22. Qxh6 Rf6 23. Qg5+ Kf7 24. Qh5+ Rg6+ 25. Kh1 N7f6 26. Qh4 Qf4 27. Qh3 Rh6 28. Qg3 Rah8 0-1

[Event "Goiania op"]
[White "Lima,Darcy Gustavo Macha"]
[Black "Delgado Ramirez,Neuris"]
[Site "Goiania"]
[Round "4"]
[Annotator ""]
[Result "0-1"]
[Date "2021.02.27"]
[WhiteElo "2522"]
[BlackElo "2615"]
[PlyCount "68"]

1. d4 Nf6 2. c4 g6 3. Nf3 Bg7 4. g3 O-O 5. Bg2 d6 6. O-O Nbd7 7. Nc3 e5 8. e4 Re8 9. Re1 c6 10. d5 Qc7 11. Rb1 a5 12. a3 Nb6 13. Bf1 Bd7 14. h3 h6 15. Qd3 cxd5 16. cxd5 Rec8 17. Nb5 Qb8 18. b3 Nbxd5 19. Bd2 Bxb5 20. Qxb5 Nc3 21. Bxc3 Rxc3 22. Nd2 Qa7 23. Kg2 Rc2 24. Qd3 Rac8 25. Qxd6 h5 26. Bc4 b5 27. Bxb5 Qa8 28. Nf3 Nxe4 29. Rxe4 Qxe4 30. Re1 Qb7 31. Bc4 e4 32. Ng5 e3+ 33. Bd5 Rxf2+ 34. Kh1 Qb5 0-1

[Event "Goiania op"]
[White "Soares,Renan Barbosa Monte"]
[Black "Lima,Darcy Gustavo Macha"]
[Site "Goiania"]
[Round "3"]
[Annotator ""]
[Result "0-1"]
[Date "2021.02.27"]
[WhiteElo "1860"]
[BlackElo "2522"]
[PlyCount "50"]

1. d4 Nf6 2. c4 e6 3. Nf3 c5 4. d5 exd5 5. cxd5 Bd6 6. Nc3 Bc7 7. e4 d6 8. Nd2 O-O 9. Be2 Re8 10. O-O a6 11. a4 Nbd7 12. f4 Rb8 13. Qc2 Nf8 14. b3 Bd7 15. Bb2 b5 16. axb5 axb5 17. Rae1 Ng6 18. Bd3 c4 19. bxc4 Bb6+ 20. c5 Bxc5+ 21. Kh1 Ng4 22. Nd1 Nxh2 23. Qc3 Ne5 24. fxe5 Qh4 25. g3 Qh3 0-1

[Event "Goiania op"]
[White "Borensztajn,David"]
[Black "Lima,Darcy Gustavo Macha"]
[Site "Goiania"]
[Round "1"]
[Annotator ""]
[Result "0-1"]
[Date "2021.02.26"]
[WhiteElo "1642"]
[BlackElo "2522"]
[PlyCount "64"]

1. d4 Nf6 2. Bf4 g6 3. Nc3 Bg7 4. e4 c5 5. Nf3 cxd4 6. Nxd4 O-O 7. Qd2 e5 8. Bxe5 Nxe4 9. Nxe4 Bxe5 10. Be2 d5 11. Nc3 Nc6 12. Nf3 Bg7 13. O-O Re8 14. Bb5 d4 15. Na4 Qf6 16. Qg5 Qxg5 17. Nxg5 Re5 18. Bxc6 bxc6 19. Nf3 Re2 20. Rfe1 Rxe1+ 21. Rxe1 Be6 22. b3 Bd5 23. Ne5 f6 24. Nd3 Bf8 25. Nac5 Kf7 26. Kf1 g5 27. Rd1 Bd6 28. h3 Rg8 29. a4 h5 30. g3 h4 31. g4 f5 32. gxf5 g4 0-1

[Event "Goiania op"]
[White "Lima,Darcy Gustavo Macha"]
[Black "Freitas,Ronan Cunha"]
[Site "Goiania"]
[Round "2"]
[Annotator ""]
[Result "1-0"]
[Date "2021.02.26"]
[WhiteElo "2522"]
[BlackElo "1831"]
[PlyCount "47"]

1. e4 c5 2. Nf3 Nc6 3. Nc3 Nf6 4. Be2 g6 5. d4 cxd4 6. Nxd4 d6 7. Nb3 Bg7 8. O-O O-O 9. Bg5 a6 10. f4 b5 11. Bf3 Bb7 12. Kh1 Nd7 13. Qe1 Re8 14. Rd1 Na5 15. Nxa5 Qxa5 16. e5 Bxf3 17. Rxf3 Nc5 18. Qh4 dxe5 19. fxe5 Ne6 20. Bxe7 Bxe5 21. Nd5 Nd4 22. Ra3 Nf5 23. Qf2 Qxa3 24. Bxa3 1-0

[Event "Florianopolis op 7th"]
[White "Lima,Darcy Gustavo Macha"]
[Black "Do Valle Cardoso,Lucas"]
[Site "Florianopolis"]
[Round "10"]
[Annotator ""]
[Result "1-0"]
[Date "2021.01.24"]
[WhiteElo "2516"]
[BlackElo "2308"]
[PlyCount "46"]

1. d4 d5 2. Nf3 Nf6 3. g3 e6 4. Bg2 Be7 5. O-O O-O 6. c4 dxc4 7. Ne5 Nc6 8. Bxc6 bxc6 9. Nxc6 Qe8 10. Nxe7+ Qxe7 11. Qa4 c5 12. Qa3 Bb7 13. Nc3 Rfc8 14. Rd1 Nd5 15. Nxd5 Bxd5 16. Be3 f5 17. dxc5 Rab8 18. Qc3 Rb7 19. Rd2 h6 20. Rad1 Qf7 21. f3 g5 22. Qe5 Qg7 23. Rxd5 exd5 1-0

[Event "Florianopolis op 7th"]
[White "Lima,Darcy Gustavo Macha"]
[Black "Fier,Alexandr"]
[Site "Florianopolis"]
[Round "8"]
[Annotator ""]
[Result "0-1"]
[Date "2021.01.23"]
[WhiteElo "2516"]
[BlackElo "2553"]
[PlyCount "86"]

1. e4 c5 2. Nf3 Nc6 3. Bb5 g6 4. O-O Bg7 5. d3 Nf6 6. Nc3 O-O 7. e5 Ng4 8. Bxc6 bxc6 9. Re1 f6 10. e6 dxe6 11. h3 Nh6 12. Be3 e5 13. Bxc5 Nf5 14. d4 exd4 15. Nxd4 Nxd4 16. Bxd4 e5 17. Bc5 Re8 18. Ne4 Qxd1 19. Raxd1 Be6 20. b3 f5 21. Ng5 Bc8 22. f4 e4 23. Nf3 a5 24. a4 Ba6 25. Nd4 e3 26. c4 Rad8 27. Ne2 Rd2 28. Rb1 Bf8 29. Bxf8 Kxf8 30. Ng3 Rd3 31. Red1 Red8 32. Rxd3 Rxd3 33. Ne2 Ke7 34. Re1 Rxb3 35. Nd4 Rc3 36. Nxc6+ Kd6 37. Nxa5 Kc5 38. Rb1 Rc2 39. Kh2 Ra2 40. Rb8 Rxa4 41. Nb3+ Kxc4 42. Nc1 Kc3 43. Kg3 Ra1 0-1

[Event "Florianopolis op 7th"]
[White "Sturt,Raven M"]
[Black "Lima,Darcy Gustavo Macha"]
[Site "Florianopolis"]
[Round "9"]
[Annotator ""]
[Result "1-0"]
[Date "2021.01.23"]
[WhiteElo "2481"]
[BlackElo "2516"]
[PlyCount "113"]

1. d4 Nf6 2. c4 e6 3. Nf3 Bb4+ 4. Bd2 c5 5. Bxb4 cxb4 6. g3 O-O 7. Bg2 d6 8. a3 Na6 9. O-O Re8 10. axb4 Nxb4 11. Qb3 a5 12. Rd1 Bd7 13. Ne1 Rb8 14. Nc3 b6 15. Nd3 Nxd3 16. Rxd3 Qe7 17. Rad1 Rec8 18. e4 e5 19. Qa3 Re8 20. f4 Bc6 21. fxe5 dxe5 22. Qxe7 Rxe7 23. Nd5 Bxd5 24. exd5 exd4 25. Rxd4 Nd7 26. d6 Re2 27. b4 axb4 28. Rb1 Ra2 29. Rxb4 Re8 30. Rb1 Kf8 31. Bd5 Ne5 32. Rdd1 Ra6 33. Re1 f6 34. h4 h5 35. Re3 Rd8 36. Rxe5 fxe5 37. Rf1+ Ke8 38. Bc6+ Rd7 39. Rf5 Ra1+ 40. Kf2 Rd1 41. Rxe5+ Kd8 42. Bxd7 Kxd7 43. Rxh5 Kxd6 44. Rg5 Rd4 45. Rxg7 Rxc4 46. Rg6+ Kc5 47. h5 Rc2+ 48. Kf3 b5 49. Rg8 Rh2 50. Kg4 b4 51. Rb8 Kc4 52. Kg5 b3 53. g4 Ra2 54. h6 b2 55. h7 Ra5+ 56. Kh6 Ra6+ 57. Kh5 1-0